000 00480nam a2200169Ia 4500
005 20250424120220.0
008 250424s9999 xx 000 0 und d
022 _a23155728
050 _aKP 60 .A5/
245 0 _aAfrican journal of clinical legal education and access to justice
260 _aNigeria
260 _bNULAI Nigeria
260 _c2012
300 _a153 p. ; 22 cm.
650 _aTransgender youth. Gender-nonconforming youth. Gender identity.
942 _cSR
999 _c38043
_d38043